Những cuộc phiêu lưu của Huckleberry Finn Dịch theo bản tiếng Anh
Guardat en:
| Autor principal: | |
|---|---|
| Altres autors: | |
| Format: | Llibre |
| Publicat: |
Tp.HCM
Trẻ
1987
|
| Matèries: | |
| Etiquetes: |
Afegir etiqueta
Sense etiquetes, Sigues el primer a etiquetar aquest registre!
|
| Thư viện lưu trữ: | Trung tâm Học liệu Lê Vũ Hùng, Trường Đại học Đồng Tháp |
|---|
| LEADER | 00774pam a22002298a 4500 | ||
|---|---|---|---|
| 001 | 00021010 | ||
| 005 | 20171026081022.0 | ||
| 008 | 110521s1987 ||||||Viesd | ||
| 041 | 0 | # | |a Vie |
| 082 | 1 | 4 | |a 813 |b NH556C |
| 100 | 0 | # | |a Mark TWain |
| 245 | 0 | 0 | |a Những cuộc phiêu lưu của Huckleberry Finn |b Dịch theo bản tiếng Anh |c Mark Twain; Lương Thị Thận |
| 260 | # | # | |a Tp.HCM |b Trẻ |c 1987 |
| 300 | # | # | |a 477 tr. |c 19 cm. |
| 650 | # | 4 | |a Mỹ |
| 650 | # | 4 | |a Văn học hiện đại |
| 653 | # | # | |a Tiểu thuyết |
| 700 | 0 | # | |a Lương Thị Thận |e Dịch |
| 852 | # | # | |b Kho đọc |j KD.0006369 |
| 852 | # | # | |j KD.0006369 |
| 910 | 0 | # | |a Phương |d 21/05/2011 |
| 980 | # | # | |a Trung tâm Học liệu Lê Vũ Hùng, Trường Đại học Đồng Tháp |